000 00882cpcaa22002657a 4500
001 mm 80002114
003 DLC
005 20260227111659.0
008 800121|||||||||||| eng
010 _amm 80002114
040 _aDLC
_cDLC
_edacs
_dDLC
072 7 _aL
_2lcmd
100 1 _aWebster, Noah,
_d1758-1843.
245 0 0 _aNoah Webster papers.
_f1787-1826.
300 _a13
_fitems.
506 0 _aOpen to research.
533 _aIn part, typewritten transcript.
_b[S.l.].
545 0 _aLexicographer.
546 _aCollection material in English.
580 _aForms part of: Miscellaneous Manuscripts collection.
656 7 _aLexicographers.
_2itoamc
999 _c42481
_d42481